|
|
|
|
| LEADER |
01080cam a2200277 a 4500 |
| 008 |
070926s2007 enk b 001 0 eng d |
| 010 |
|
|
|a 2007280456
|
| 015 |
|
|
|a GBA6A3787
|2 bnb
|
| 016 |
7 |
|
|a 013623968
|2 Uk
|
| 020 |
|
|
|a 9780199205233 (hbk. : alk. paper)
|
| 020 |
|
|
|a 019920523X (hbk. : alk. paper)
|
| 035 |
|
|
|a (OCoLC)ocm77012120
|
| 042 |
|
|
|a lccopycat
|
| 082 |
0 |
0 |
|a 121
|2 22
|
| 100 |
1 |
|
|a Merricks, Trenton.
|
| 245 |
1 |
0 |
|a Truth and ontology /
|c Trenton Merricks.
|
| 260 |
|
|
|a Oxford :
|b Clarendon Press ;
|a New York :
|b Oxford University Press,
|c 2007.
|
| 300 |
|
|
|a xviii, 202 p. ;
|c 21 cm.
|
| 504 |
|
|
|a Includes bibliographical references (p. [192]-199) and index.
|
| 650 |
|
0 |
|a Truth.
|
| 650 |
|
0 |
|a Ontology.
|
| 942 |
|
|
|c BK
|
| 906 |
|
|
|a 7
|b cbc
|c copycat
|d 2
|e ncip
|f 20
|g y-gencatlg
|
| 955 |
|
|
|a pv12 2007-09-26 z-processor to SSCD
|i sh21 2007-10-23 (telework)
|a dj25 2007-11-02 copy 2 added
|a aa23 2008-01-08
|
| 999 |
|
|
|c 97608
|d 97608
|
| 952 |
|
|
|0 0
|1 0
|4 0
|6 121MER_T
|7 0
|9 97248
|a UL
|b UL
|c ST1
|d 2012-02-23
|g 0.00
|l 1
|m 1
|o 121MER/T
|p 87817
|r 2013-03-14
|s 2013-01-15
|v 1648.33
|x 28
|y BK
|k P. 18.99
|